Medzi spisovateľmi našej minulosti

Alexander Matuška je v širšej kultúrnej verejnosti známy najmä ako burič a boriteľ ustálených hodnôt a kritik oficiálnych osobností, stotožňujúci sa s postavami idúcimi proti prúdu. V profilových statiach tohto výberu (Sládkovič, Hurban, Štefánik, Hviezdoslav, Vajanský, Rázus, Hronský, Rúfus, Tatark...

Full description

Bibliographic Details
Main Author: Matuška, Alexander, 1910-1975 (Author)
Other Authors: Šabek, Igor (Narrator)
Format: CD Audio
Language:Slovak
PhysicalDescription:1 elektronický optický disk (CD-ROM) digitál., MP3 12 cm
Published: V Levoči Slovenská knižnica pre nevidiacich Mateja Hrebendu 2016
ISBN:9788018051597 (CDROM)
Subjects:

MARC

LEADER 00000cim a2200000 a 4500
001 vtls011572232
003 SK-MaSNL
005 20260301135558.0
007 sd fungnnmmned
008 160810s2016 xo nnnnfs z n slo
015 |a SNBJ2016 
020 |a 9788018051597 (CDROM) 
040 |a SNK  |b slo  |c SNK  |e AACR2 
041 0 |d slo 
044 |a xo  |c SK 
072 7 |a 821.162.4.09  |x Slovenská literatúra (o nej)  |2 konspekt 
080 |a 821.162.4-051  |2 2011 
080 |a (0:82-9)  |2 2011 
080 |a (086.76)  |2 2011 
100 1 |a Matuška, Alexander,  |d 1910-1975  |4 aut  |9 257897 
245 1 0 |a Medzi spisovateľmi našej minulosti  |h elektronický zdroj  |c Alexander Matuška ; číta: Igor Šabek 
260 |a V Levoči  |b Slovenská knižnica pre nevidiacich Mateja Hrebendu  |c 2016 
300 |a 1 elektronický optický disk (CD-ROM)  |b digitál., MP3  |c 12 cm 
306 |a 070800 
520 8 |a Alexander Matuška je v širšej kultúrnej verejnosti známy najmä ako burič a boriteľ ustálených hodnôt a kritik oficiálnych osobností, stotožňujúci sa s postavami idúcimi proti prúdu. V profilových statiach tohto výberu (Sládkovič, Hurban, Štefánik, Hviezdoslav, Vajanský, Rázus, Hronský, Rúfus, Tatarka a ďalší) uznáva hodnoty našich klasikov, vzdáva im náležitú úctu, ale vyhýba sa ich okiadzaniu a textom nechýba polemický náboj. Pri čítaní Matuškových textov sa presviedčame, že stále má čo povedať dnešku, ktorý ignorantsky prehliada hodnoty minulosti 
521 |a Pre nevidiacich, slabozrakých a inak zdravotne postihnutých 
650 0 7 |a slovenskí spisovatelia  |2 SNKPH  |9 1258 
655 7 |a zvukové záznamy  |2 SNKPH  |9 70720 
655 7 |a CD-ROM  |2 SNKPH  |9 70236 
655 7 |a texty  |2 SNKPH  |9 70511 
700 1 |a Šabek, Igor  |4 nrt  |9 312613 
752 |a Slovensko  |d Levoča 
787 0 8 |i Podľa knihy:  |t Medzi spisovateľmi našej minulosti  |d Bratislava : Marenčin PT, 2015  |z 978-80-8114-590-2 
919 |a 978-80-18-05159-7 
958 |a SX 
958 |a LX 
999 |c 760739  |d 762669 
952 |a SNK  |b SNK  |y PREZ  |7 0  |p 17A1217137  |o snkSCD 4027  |i snk2016/25259  |8 0  |0 0  |1 0  |4 0  |d 2016-10-26  |l 0  |r 2026-02-24 00:03:17  |w 2026-02-24